000 00801nam a22002297a 4500
999 _c14843
_d14843
003 AR-CdUCM
008 190415b ||||| |||| 00| 0 spa d
020 _a978-9972-59-579-0
040 _aMUNICIPALIDAD PROVINCIAL DEL CUSCO
_cBIBLIOTECA MUNICIPAL DEL CUSCO
082 _aEP / 808.06 /
_bSE42
110 _aCorporación gráfica Navarrete S.A
_927358
245 _aLa serpiente yacumama :
_bLa venganza de la selva /
260 _aLima :
_bCorporación gráfica Navarrete S.A.,
_c2014.
300 _a45 páginas ;
_c21 cm.
440 _aLeyendas tenebrosas del Perú II.
_n3
_933775
500 _aYo leo plan lector.
505 _aContenido :La serpiente yacumama .
650 _aHistorietas.
_910786
650 _aCuentos de terror.
_931714
942 _2ddc
_cLIBROS
945 _arum
_d2019-04-24